000 01060nam a2200241Ia 4500
003 Ost
005 20260507074937.0
008 260507s9999||||xx |||||||||||||| ||und||
020 _a93442499579
040 _cfsecg
041 _aara
082 _a657.45
100 _aجمعة، احمد حلمي
_eمؤلف
245 0 _a تطور معايير التدقيق والتاكيد الدولية وقواعد اخلاقيات المهنة (الكتاب 1) /
_c احمد حلمي جمعة
260 _aعمان:
_bدار الصفاء,
_c2008
300 _a168 صفحة؛
_bك.1
_c24 سم
490 _aسلسلة الكتب المهنية -الكتاب الاول
504 _aسلسلة الكتب المهنية
520 _aيتناول هذا الكتاب الاطار الدولي لعمليات التاكيد. -الاهداف والمبادئ. -القوانين والانظمة. -الرقابة الداخلية. -تقييم الاستمرارية.
653 _aمحاسبة
653 _aمراجعة الحسابات
942 _cكتاب
999 _c41896
_d41896